[Event "Mittelfranken-chTB2a 1819"]
[Site "Mittelfranken"]
[Date "2019.01.27"]
[Round "4.2"]
[White "Puehn, Georg"]
[Black "Kirbach, Thomas"]
[Result "1-0"]
[WhiteElo "1861"]
[BlackElo "1867"]
[PlyCount "87"]
[EventDate "2018.10.14"]
[EventType "team-tourn"]
[EventRounds "9"]
[EventCountry "GER"]
[SourceTitle "EXT 2022"]
[Source "ChessBase"]
[SourceDate "2021.10.06"]
[SourceVersion "1"]
[SourceVersionDate "2021.10.06"]
[SourceQuality "1"]
[WhiteTeam "Nuernberg Sued SW IV"]
[BlackTeam "Fuerth SF"]
[WhiteTeamCountry "GER"]
[BlackTeamCountry "GER"]

1. e4 d6 2. d4 Nf6 3. Nc3 g6 4. Nf3 Bg7 5. Be3 c6 6. h3 b5 7. Bd3 Qc7 8. Qd2 0-0 9. Bh6 e5 10. Bxg7 Kxg7 11. 0-0 a6 12. Ne2 Nbd7 13. c3 Nh5 14. g4 Nhf6 15. Ng3 Nb6 16. Rfe1 Be6 17. b3 a5 18. Rac1 a4 19. c4 axb3 20. axb3 bxc4 21. bxc4 c5 22. dxe5 dxe5 23. Qg5 Nbd7 24. Nf5+ Bxf5 25. exf5 Rae8 26. Nd2 Qd6 27. Be4 h6 28. Qe3 Qd4 29. Bg2 Qxe3 30. Rxe3 gxf5 31. gxf5 Nh5 32. Kh2 Rg8 33. Bf3 Nf4 34. Ne4 Rgf8 35. Rg1+ Kh8 36. Rd1 Rd8 37. Rd6 f6 38. Rb3 Nb8 39. Rxd8 Rxd8 40. Nxf6 Kg7 41. Nd5 Nc6 42. Rb7+ Kf8 43. Nxf4 Nd4 44. Ne6+ 1-0

[Event "Mittelfranken-chTB2a 1819"]
[Site "Mittelfranken"]
[Date "2018.11.04"]
[Round "2.2"]
[White "Muenster, Erich"]
[Black "Kirbach, Thomas"]
[Result "1/2-1/2"]
[WhiteElo "1976"]
[BlackElo "1867"]
[PlyCount "73"]
[EventDate "2018.10.14"]
[EventType "team-tourn"]
[EventRounds "9"]
[EventCountry "GER"]
[SourceTitle "EXT 2022"]
[Source "ChessBase"]
[SourceDate "2021.10.06"]
[SourceVersion "1"]
[SourceVersionDate "2021.10.06"]
[SourceQuality "1"]
[WhiteTeam "Heilsbronn"]
[BlackTeam "Fuerth SF"]
[WhiteTeamCountry "GER"]
[BlackTeamCountry "GER"]

1. e4 d6 2. Nc3 c6 3. g3 Nf6 4. Bg2 g6 5. Nge2 Bg7 6. 0-0 e5 7. h3 0-0 8. Kh2 Qc7 9. d3 Nbd7 10. Bg5 h6 11. Be3 b5 12. a3 Nb6 13. Qd2 Kh7 14. f4 Bb7 15. Rf2 Nfd7 16. f5 d5 17. Bxb6 Qxb6 18. Raf1 Nf6 19. g4 dxe4 20. Nxe4 Nxe4 21. Bxe4 c5 22. Ng3 Bxe4 23. Nxe4 c4 24. f6 Bh8 25. g5 h5 26. Qe2 cxd3 27. cxd3 Qd4 28. Rc1 Rac8 29. Rff1 a5 30. Rfd1 Rfd8 31. Rxc8 Rxc8 32. Rd2 Rc1 33. Qf2 Qd7 34. Rc2 Rd1 35. Nc5 Qd5 36. Qg2 Qd4 37. Qf2 1/2-1/2

[Event "Mittelfranken-chTB1 1617"]
[Site "Mittelfranken"]
[Date "2016.11.13"]
[Round "2.3"]
[White "Kirbach, Thomas"]
[Black "Fiedler, Lars"]
[Result "0-1"]
[WhiteElo "1924"]
[BlackElo "1994"]
[PlyCount "56"]
[EventDate "2016.10.23"]
[EventType "team-tourn"]
[EventRounds "9"]
[EventCountry "GER"]
[SourceTitle "EXT 2022"]
[Source "ChessBase"]
[SourceDate "2021.10.06"]
[SourceVersion "1"]
[SourceVersionDate "2021.10.06"]
[SourceQuality "1"]
[WhiteTeam "Fuerth SF"]
[BlackTeam "Lauf SV"]
[WhiteTeamCountry "GER"]
[BlackTeamCountry "GER"]

1. d4 Nf6 2. c4 e6 3. Nc3 Bb4 4. Bg5 c5 5. d5 Bxc3+ 6. bxc3 e5 7. f3 d6 8. e3 h6 9. Bh4 g5 10. Bf2 Qa5 11. Qc2 Bf5 12. Bd3 Bxd3 13. Qxd3 Nbd7 14. Ne2 e4 15. fxe4 Ne5 16. Qc2 Nxc4 17. h3 0-0-0 18. Ng3 h5 19. Qb3 Qa6 20. Rb1 h4 21. Nf5 Rhe8 22. 0-0 Nd2 23. Qc2 Nfxe4 24. Rfe1 Nxb1 25. Rxb1 Qc4 26. Rd1 Re5 27. Ng7 Rh8 28. Qa4 Qxa4 0-1

[Event "Mittelfranken-chTB1 1213"]
[Site "Germany"]
[Date "2012.10.07"]
[Round "6.7"]
[White "Kirbach, Thomas"]
[Black "Gstaltmeyr, Karl"]
[Result "1-0"]
[WhiteElo "1936"]
[BlackElo "1695"]
[PlyCount "73"]
[EventDate "2012.10.07"]
[EventType "team-tourn"]
[EventRounds "9"]
[EventCountry "GER"]
[SourceTitle "EXT 2019"]
[Source "ChessBase"]
[SourceDate "2018.10.10"]
[SourceVersion "1"]
[SourceVersionDate "2018.10.10"]
[SourceQuality "1"]
[WhiteTeam "Fuerth SF"]
[BlackTeam "Schwanstetten"]
[WhiteTeamCountry "GER"]
[BlackTeamCountry "GER"]

1. d4 d5 2. c4 e6 3. Nc3 Nf6 4. Nf3 a6 5. Bg5 Be7 6. e3 0-0 7. Bd3 dxc4 8. Bxc4 b5 9. Bd3 Nbd7 10. 0-0 Bb7 11. Rc1 Rc8 12. Qe2 c5 13. Rfd1 c4 14. Bc2 Nd5 15. Bxe7 Nxc3 16. bxc3 Qxe7 17. e4 Rce8 18. Re1 f6 19. Rcd1 Nb6 20. Qe3 Qd8 21. Qf4 Rf7 22. Qh4 g5 23. Qh5 Rg7 24. Rb1 Ree7 25. Bd1 Bc6 26. Nd2 f5 27. exf5 exf5 28. Bc2 Qd5 29. f3 Be8 30. Qh3 Bg6 31. Qh6 g4 32. Qf4 gxf3 33. Nxf3 Nd7 34. Nh4 Nf6 35. Re5 Rxe5 36. dxe5 Nh5 37. Qd4 1-0

[Event "Mittelfranken-chTB1 1112"]
[Site "Germany"]
[Date "2011.09.25"]
[Round "1.6"]
[White "Kirbach, Thomas"]
[Black "Frank, Werner1"]
[Result "1-0"]
[WhiteElo "1928"]
[BlackElo "1880"]
[PlyCount "101"]
[EventDate "2011.09.25"]
[EventType "team-tourn"]
[EventRounds "9"]
[EventCountry "GER"]
[SourceTitle "EXT 2013"]
[Source "ChessBase"]
[SourceDate "2012.11.22"]
[SourceVersion "1"]
[SourceVersionDate "2012.11.22"]
[SourceQuality "1"]
[WhiteTeam "Fuerth"]
[BlackTeam "Heilsbronn"]
[WhiteTeamCountry "GER"]
[BlackTeamCountry "GER"]

1. d4 e5 2. d5 d6 3. e4 f5 4. exf5 Bxf5 5. c4 Nd7 6. Nc3 Ngf6 7. Nf3 Be7 8. Be2 0-0 9. Nh4 Bg6 10. Nxg6 hxg6 11. Bd3 e4 12. Nxe4 Nxe4 13. Bxe4 Bg5 14. 0-0 Bxc1 15. Rxc1 Qf6 16. Rc3 Rae8 17. Rf3 Qg5 18. Rg3 Qf4 19. Bxg6 Re5 20. Qc2 Rf6 21. Rh3 Rg5 22. Be8 Nf8 23. Re1 Qg4 24. Rg3 Qh4 25. Rxg5 Qxg5 26. Re3 Rh6 27. h3 Rf6 28. Qe2 Rf5 29. Ba4 Qf6 30. Bc2 Re5 31. Rxe5 dxe5 32. Qe4 b6 33. b4 Qg5 34. c5 Nd7 35. Bb3 Kf8 36. d6 cxd6 37. Qc4 Ke7 38. c6 d5 39. Qxd5 Qc1+ 40. Bd1 Nf8 41. Qxe5+ Ne6 42. Qd5 Qc3 43. g3 Qxb4 44. Bg4 Qd6 45. Qe4 Kf7 46. Bxe6+ Qxe6 47. Qf4+ Ke7 48. Qc7+ Kf6 49. Qd8+ Kg6 50. Qd3+ Kf6 51. c7 1-0

[Event "Mittelfranken-chTB1 1011"]
[Site "Germany"]
[Date "2010.12.05"]
[Round "4.5"]
[White "Dietrich, Jochen"]
[Black "Kirbach, Thomas"]
[Result "0-1"]
[WhiteElo "1953"]
[BlackElo "1951"]
[PlyCount "90"]
[EventDate "2010.09.26"]
[EventType "team-tourn"]
[EventRounds "9"]
[EventCountry "GER"]
[SourceTitle "EXT 2012"]
[Source "ChessBase"]
[SourceDate "2011.11.24"]
[SourceVersion "1"]
[SourceVersionDate "2011.11.24"]
[SourceQuality "1"]
[WhiteTeam "Buechenbach/Roth"]
[BlackTeam "Fuerth"]
[WhiteTeamCountry "GER"]
[BlackTeamCountry "GER"]

1. Nf3 Nf6 2. g3 g6 3. Bg2 Bg7 4. 0-0 d6 5. d3 0-0 6. Nbd2 e5 7. e4 c6 8. c3 h6 9. Ne1 Be6 10. Nc4 Qd7 11. Ne3 Bh3 12. f4 Bxg2 13. N1xg2 b5 14. a4 Qb7 15. Qb3 Nbd7 16. axb5 a6 17. b6 Nc5 18. Qc2 Qxb6 19. Nc4 Qc7 20. Be3 Ncd7 21. fxe5 dxe5 22. h3 Ne8 23. Qf2 Nd6 24. Nb6 Nxb6 25. Bxb6 Qd7 26. Kh2 f5 27. exf5 Nxf5 28. Bc5 Rf6 29. Qe2 Qc7 30. Qe4 Kh7 31. Ne3 Nxe3 32. Rxf6 Bxf6 33. Bxe3 Qd6 34. Kg2 Rb8 35. b4 Rd8 36. Rd1 Qd5 37. Kf3 Qb3 38. Rc1 Rf8 39. Ke2 Qb2+ 40. Kd1 Bg5 41. Ke1 Bxe3 42. Qxe3 Qg2 43. Qe2 Qxg3+ 44. Kd1 Rf2 45. Qe4 Qg1+ 0-1

[Event "Mittelfranken-chTB1 1011"]
[Site "Germany"]
[Date "2010.10.17"]
[Round "2.4"]
[White "Kirbach, Thomas"]
[Black "Haubold, Martin"]
[Result "0-1"]
[WhiteElo "1951"]
[BlackElo "2050"]
[PlyCount "60"]
[EventDate "2010.09.26"]
[EventType "team-tourn"]
[EventRounds "9"]
[EventCountry "GER"]
[SourceTitle "EXT 2012"]
[Source "ChessBase"]
[SourceDate "2011.11.24"]
[SourceVersion "1"]
[SourceVersionDate "2011.11.24"]
[SourceQuality "1"]
[WhiteTeam "Fuerth"]
[BlackTeam "Nuernberg NT III"]
[WhiteTeamCountry "GER"]
[BlackTeamCountry "GER"]

1. d4 Nf6 2. c4 e5 3. dxe5 Ng4 4. Bf4 Nc6 5. Nf3 Bb4+ 6. Nbd2 Qe7 7. a3 Ngxe5 8. Nxe5 Nxe5 9. e3 Bc5 10. Be2 d6 11. 0-0 Ng6 12. Bg3 a5 13. b3 Bd7 14. Nf3 0-0 15. Nd4 Rfe8 16. Re1 Nh4 17. Bd3 Qg5 18. Qc2 g6 19. Qc3 h5 20. b4 axb4 21. axb4 Bxd4 22. Qxd4 Nf5 23. Bxf5 Bxf5 24. Rxa8 Rxa8 25. Qd5 Qf6 26. h4 Qc3 27. f4 Ra2 28. Qxb7 Qc2 29. Qf3 Be4 30. Qf2 Qxc4 0-1

[Event "Mittelfranken-chTB1 0910"]
[Site "Mittelfranken"]
[Date "2010.04.18"]
[Round "9.7"]
[White "Rausch, Wolfgang"]
[Black "Kirbach, Thomas"]
[Result "1/2-1/2"]
[WhiteElo "1977"]
[BlackElo "1929"]
[PlyCount "82"]
[EventDate "2009.10.11"]
[EventType "team-tourn"]
[EventRounds "9"]
[EventCountry "GER"]
[SourceTitle "EXT 2011"]
[Source "ChessBase"]
[SourceDate "2010.11.26"]
[SourceVersion "1"]
[SourceVersionDate "2010.11.26"]
[SourceQuality "1"]
[WhiteTeam "Nuernberg NT III"]
[BlackTeam "Fuerth SF"]
[WhiteTeamCountry "GER"]
[BlackTeamCountry "GER"]

1. d4 Nf6 2. Bg5 g6 3. Bxf6 exf6 4. e3 Bg7 5. g3 0-0 6. Bg2 d6 7. c4 Nd7 8. Nc3 a6 9. Nge2 Rb8 10. Qd3 Nb6 11. Nf4 Bf5 12. Qe2 Re8 13. 0-0-0 Qe7 14. Bf3 c6 15. g4 Bc8 16. Qd3 Qc7 17. Kb1 Nd7 18. h4 b5 19. h5 bxc4 20. Qxc4 Qb7 21. Rd2 d5 22. Qf1 Nb6 23. Be2 f5 24. hxg6 fxg6 25. Qh3 Bf6 26. g5 Bxg5 27. Qg3 Bxf4 28. Qxf4 Be6 29. Rc2 Nc4 30. Bxc4 dxc4 31. Rg1 Qf7 32. Na4 Bd5 33. f3 Rb4 34. Nc5 c3 35. Rxc3 Bxa2+ 36. Kc1 Rc4 37. Kd2 Rxc3 38. bxc3 Bc4 39. e4 fxe4 40. Qxf7+ Kxf7 41. fxe4 Rb8 1/2-1/2

[Event "Mittelfranken-chTB1 0910"]
[Site "Mittelfranken"]
[Date "2009.11.22"]
[Round "3.7"]
[White "Kirbach, Thomas"]
[Black "Roesch, Otto"]
[Result "0-1"]
[WhiteElo "1929"]
[BlackElo "1889"]
[PlyCount "120"]
[EventDate "2009.10.11"]
[EventType "team-tourn"]
[EventRounds "9"]
[EventCountry "GER"]
[SourceTitle "EXT 2011"]
[Source "ChessBase"]
[SourceDate "2010.11.26"]
[SourceVersion "1"]
[SourceVersionDate "2010.11.26"]
[SourceQuality "1"]
[WhiteTeam "Fuerth SF"]
[BlackTeam "Altensittenbach"]
[WhiteTeamCountry "GER"]
[BlackTeamCountry "GER"]

1. d4 e5 2. dxe5 Nc6 3. Nf3 Qe7 4. c4 Nxe5 5. Nxe5 Qxe5 6. Nc3 c6 7. e3 Nf6 8. Be2 Bb4 9. Bd2 0-0 10. Qb3 Be7 11. Bf3 Qc7 12. Rd1 d6 13. Qc2 Be6 14. b3 Rfd8 15. Ne4 Ng4 16. Ng3 Rac8 17. Be4 Nf6 18. Bf5 g6 19. Bxe6 fxe6 20. 0-0 d5 21. Bc3 Rf8 22. Rc1 Bd6 23. Bxf6 Rxf6 24. Rfd1 Bxg3 25. hxg3 Qe5 26. Rd4 Rcf8 27. Rf4 Rxf4 28. gxf4 Qh5 29. Qd1 Qh4 30. Qf3 dxc4 31. bxc4 e5 32. g3 Qf6 33. Rd1 exf4 34. gxf4 Rf7 35. Kg2 Qe6 36. Rd4 Kg7 37. a4 Rd7 38. Rxd7+ Qxd7 39. e4 Qd4 40. Qe2 h5 41. e5 Qxf4 42. Qb2 Qg4+ 43. Kh2 Qf4+ 44. Kg2 b6 45. e6+ Kg8 46. Qe2 Qg4+ 47. Qxg4 hxg4 48. Kg3 Kg7 49. Kxg4 Kf6 50. Kf4 a6 51. e7 Kxe7 52. Ke5 b5 53. a5 b4 54. Kd4 c5+ 55. Kxc5 b3 56. Kc6 b2 57. Kc7 b1Q 58. c5 Qb5 59. c6 Qxa5+ 60. Kc8 Kd6 0-1

[Event "Mittelfranken-chTB1 0910"]
[Site "Mittelfranken"]
[Date "2009.10.25"]
[Round "2.6"]
[White "Kirbach, Thomas"]
[Black "Schatz, Werner"]
[Result "1/2-1/2"]
[WhiteElo "1929"]
[BlackElo "1952"]
[PlyCount "81"]
[EventDate "2009.10.11"]
[EventType "team-tourn"]
[EventRounds "9"]
[EventCountry "GER"]
[SourceTitle "EXT 2011"]
[Source "ChessBase"]
[SourceDate "2010.11.26"]
[SourceVersion "1"]
[SourceVersionDate "2010.11.26"]
[SourceQuality "1"]
[WhiteTeam "Fuerth SF"]
[BlackTeam "Lauf"]
[WhiteTeamCountry "GER"]
[BlackTeamCountry "GER"]

1. d4 d6 2. c4 g6 3. Nc3 Bg7 4. Nf3 Nf6 5. e4 Bg4 6. Be2 0-0 7. 0-0 Nbd7 8. h3 Bxf3 9. Bxf3 c6 10. Bg5 Qa5 11. Qd2 Rfe8 12. Rfc1 a6 13. a3 c5 14. d5 b5 15. cxb5 axb5 16. a4 b4 17. Nb5 Reb8 18. Qc2 Rb7 19. Bf4 Ne8 20. Be2 Rc8 21. Rab1 Nc7 22. b3 Nxb5 23. Bxb5 Ra7 24. Qe2 Qd8 25. Rc2 Qf8 26. Rd1 Rcc7 27. Bxd7 Rxd7 28. e5 Qd8 29. e6 fxe6 30. Qxe6+ Kh8 31. h4 Qf8 32. Bg3 Qf6 33. Qe2 Qf8 34. Rd3 Bf6 35. Rf3 Kg7 36. Qe4 Qg8 37. Rd3 Kh8 38. Bf4 Bxh4 39. Rh3 Bf6 40. Bh6 Rd8 41. Re2 1/2-1/2

[Event "Mittelfranken-chTB1 0809"]
[Site "Mittelfranken"]
[Date "2009.03.08"]
[Round "7.6"]
[White "Ceglar, Michael"]
[Black "Kirbach, Thomas"]
[Result "0-1"]
[WhiteElo "1847"]
[BlackElo "1902"]
[PlyCount "62"]
[EventDate "2008.10.12"]
[EventType "team"]
[EventRounds "9"]
[EventCountry "GER"]
[SourceTitle "EXT 2011"]
[Source "ChessBase"]
[SourceDate "2010.11.26"]
[SourceVersion "1"]
[SourceVersionDate "2010.11.26"]
[SourceQuality "1"]
[WhiteTeam "Postbauer II"]
[BlackTeam "Fuerth SF"]
[WhiteTeamCountry "GER"]
[BlackTeamCountry "GER"]

1. e4 d6 2. d4 Nf6 3. Nc3 g6 4. f4 Bg7 5. Nf3 0-0 6. Be2 c5 7. d5 e6 8. dxe6 Bxe6 9. Ng5 Bc8 10. 0-0 h6 11. Nf3 Nc6 12. Kh1 Re8 13. Bd3 Bg4 14. h3 Bxf3 15. Qxf3 Nd4 16. Qf2 b5 17. e5 dxe5 18. fxe5 Rxe5 19. Bf4 Rh5 20. Bh2 Qd7 21. g4 Rxh3 22. Qg2 Rxh2+ 23. Kxh2 Nxg4+ 24. Kh1 Re8 25. Nd5 Re5 26. Nf4 Ne3 27. Qf2 Nxf1 28. Rxf1 c4 29. c3 cxd3 30. cxd4 Rf5 31. Qf3 Qxd4 0-1

[Event "Mittelfranken-chTB1 0809"]
[Site "Mittelfranken"]
[Date "2008.10.12"]
[Round "1.7"]
[White "Fischer, Juergen"]
[Black "Kirbach, Thomas"]
[Result "0-1"]
[WhiteElo "1924"]
[BlackElo "1902"]
[PlyCount "50"]
[EventDate "2008.10.12"]
[EventType "team"]
[EventRounds "9"]
[EventCountry "GER"]
[SourceTitle "EXT 2011"]
[Source "ChessBase"]
[SourceDate "2010.11.26"]
[SourceVersion "1"]
[SourceVersionDate "2010.11.26"]
[SourceQuality "1"]
[WhiteTeam "Lauf"]
[BlackTeam "Fuerth SF"]
[WhiteTeamCountry "GER"]
[BlackTeamCountry "GER"]

1. e4 d6 2. d4 Nf6 3. Nc3 g6 4. f4 Bg7 5. Nf3 0-0 6. Bd3 c5 7. dxc5 dxc5 8. 0-0 Nc6 9. e5 Nd5 10. Ne4 Bg4 11. c3 Qc7 12. h3 Bf5 13. Qe2 Bxe4 14. Qxe4 Rad8 15. Ng5 e6 16. Qf3 Qe7 17. Bd2 c4 18. Bc2 Ndb4 19. cxb4 Rxd2 20. Qc3 Qxb4 21. Rf2 Rxf2 22. Kxf2 Qc5+ 23. Qe3 Qa5 24. Ne4 Rd8 25. Nd6 Rxd6 0-1